Capitals of Asia Quiz Stats

 Plays Quiz not verified by Sporcle

Challenge
Share
Tweet
Embed
Score 0/49 Timer 08:00
0 Plays Today
Country Capital % Correct
AfghanistanKabul
94.7%
ChinaBeijing
88%
IndiaNew Delhi
86.7%
IsraelJerusalem
86.7%
JapanTokyo
86.7%
RussiaMoscow
82.7%
IndonesiaJakarta
81.3%
South KoreaSeoul
81.3%
KuwaitKuwait City
80%
TurkeyAnkara
80%
PhilippinesManila
78.7%
SingaporeSingapore
78.7%
PakistanIslamabad
77.3%
North KoreaPyongyang
76%
ThailandBangkok
74.7%
BangladeshDhaka
73.3%
IranTehran
73.3%
IraqBaghdad
73.3%
JordanAmman
72%
QatarDoha
72%
AzerbaijanBaku
70.7%
ArmeniaYerevan
69.3%
MaldivesMale
68%
TaiwanTaipei
68%
VietnamHanoi
68%
Country Capital % Correct
KazakhstanAstana
66.7%
LebanonBeirut
65.3%
SyriaDamascus
65.3%
MalaysiaKuala Lumpur
64%
NepalKathmandu
64%
KyrgyzstanBishkek
61.3%
OmanMuscat
61.3%
Saudi ArabiaRiyadh
61.3%
United Arab EmiratesAbu Dhabi
61.3%
CambodiaPhnom Penh
60%
YemenSanaa
60%
MongoliaUlaanbaatar
57.3%
BahrainManama
56%
TajikistanDushanbe
56%
Timor LesteDili
54.7%
BruneiBandar Seri Begawan
53.3%
LaosVientiane
52%
GeorgiaTbilisi
50.7%
TurkmenistanAshgabat
50.7%
BhutanThimphu
49.3%
PalestineRamallah
49.3%
Sri LankaColombo
49.3%
UzbekistanTashkent
49.3%
MyanmarNaypyidaw
36%

You're not logged in!

Compare scores with friends on all Sporcle quizzes.
Join for Free
OR
Log In

You Might Also Like...

Show Comments

Extras

Top Quizzes Today


Score Distribution

Your Account Isn't Verified!

In order to create a playlist on Sporcle, you need to verify the email address you used during registration. Go to your Sporcle Settings to finish the process.

Report this User

Report this user for behavior that violates our Community Guidelines.

Details: